| 000 | 00338nam a22001457a 4500 | ||
|---|---|---|---|
| 003 | SGT | ||
| 020 | _a9781455727650 | ||
| 082 |
_a617.695 _bD11J |
||
| 100 | _a OLE T. Jensen | ||
| 245 | _aDental Implants | ||
| 260 |
_aLondon, United Kingdom _bElsevier Health Sciences _c2011 |
||
| 300 | _a649-915 | ||
| 650 | _aImplants | ||
| 942 |
_2ddc _cBK |
||
| 999 |
_c18061 _d18061 |
||